000 00738nam a2200193Ii 4500
003 JO-AjNU
008 230605s9999||||xx |||||||||||||| ||und||
040 _aJO-AjNU
_bara
_erda
_cJO-AjNU
041 _aara
050 1 4 _aHD61.H3584.2008
100 3 _aحماد،طارق عبدالعال,
_eauthor
_932709
245 0 0 _aإدارة المخاطر :أفراد-ادارات-شركات-بنوك:مخاطر الائتمان والاستثمار والمشتقات واسعار الصرف
264 3 1 _aالاسكندرية :الدار الجامعية،2008
300 _a562ص
336 _atext
_btxt
_2rdacontent
337 _aunmediated
_bn
_2rdamedia
338 _avolume
_bnc
_2rdacarrier
650 4 _aالادارة-مخاطر
_932710
999 _aA13237
_c16805
_d16805